| 000 | 00637nam a2200193 i 4500 | ||
|---|---|---|---|
| 001 | 61933 | ||
| 003 | ES-MaACL | ||
| 007 | t| | ||
| 008 | 031114s1970 fr ||||1| fre d | ||
| 100 | 1 |
_aFebvre, Lucien, _d1878-1956 _949047 |
|
| 245 | 1 | 3 |
_aLa terre et l'évolution humaine / _cLucien Febvre ; avec le concours de Lionel Bataillon. |
| 260 |
_a[Paris] : _bAlbin Michel, _c[1970] |
||
| 300 |
_a444 p. : _bil. ; _c18 cm. |
||
| 490 | 1 | _aL'évolution de l'humanité | |
| 700 | 1 |
_aBataillon, Lionel. _926394 |
|
| 830 | 0 |
_aL'évolution de l'humanité _9181507 |
|
| 852 |
_aES-MaACL _jE-5702 _bR.90032 |
||
| 999 |
_c61933 _d61933 |
||